MicrosoftOffice 2013: (Record no. 36807)

MARC details
000 -LEADER
fixed length control field 00470nam a22001697a 4500
005 - DATE AND TIME OF LATEST TRANSACTION
control field 20241217131803.0
008 - FIXED-LENGTH DATA ELEMENTS--GENERAL INFORMATION
fixed length control field 241217b |||||||| |||| 00| 0 eng d
020 ## - INTERNATIONAL STANDARD BOOK NUMBER
ISBN 9781285088457
082 ## - DEWEY DECIMAL CLASSIFICATION NUMBER
Classification number 005.86
Item number BES-M
100 ## - MAIN ENTRY--AUTHOR
Author Name Besken
245 ## - TITLE STATEMENT
Title MicrosoftOffice 2013:
Remainder of title Illustrated Introductory,
Statement of responsibility, etc. Cram ,Duffy
260 ## - PUBLICATION, DISTRIBUTION, ETC.
Place of Publication USA:
Name of publisher, distributor, etc. Elsevier;
Date of publication, distribution, etc. 2014.
300 ## - PHYSICAL DESCRIPTION
Pages xiv, p 520 p. :
500 ## - GENERAL NOTE
General note include index.
650 ## - SUBJECT ADDED ENTRY--TOPICAL TERM
Subject / Department Microsoft Office
300 ## - PHYSICAL DESCRIPTION
-- ill;
-- 24 cm.
952 ## - LOCATION AND ITEM INFORMATION (KOHA)
-- 0
-- 0
952 ## - LOCATION AND ITEM INFORMATION (KOHA)
-- 0
-- 0
952 ## - LOCATION AND ITEM INFORMATION (KOHA)
-- 0
-- 0
952 ## - LOCATION AND ITEM INFORMATION (KOHA)
-- 0
-- 0
952 ## - LOCATION AND ITEM INFORMATION (KOHA)
-- 0
-- 0
Holdings
Lost status Damaged status Collection code Permanent Location Current Location Shelving Location Date acquired Full Call Number Accession No./Barcode Date last seen Copy number item type Koha item type
    CS/IT Superior Information Resource Center (SIRC) Superior University- Gold Campus Superior Information Resource Center (SIRC) Superior University- Gold Campus Microsoft Office 12/17/2024 005.86 BES-M 2014 18336 12/17/2024 1 BOOK BOOK
    CS/IT Superior Information Resource Center (SIRC) Superior University- Gold Campus Superior Information Resource Center (SIRC) Superior University- Gold Campus Microsoft Office 12/17/2024 005.86 BES-M 2014 18337 12/17/2024 2 BOOK BOOK
    CS/IT Superior Information Resource Center (SIRC) Superior University- Gold Campus Superior Information Resource Center (SIRC) Superior University- Gold Campus Microsoft Office 12/17/2024 005.86 BES-M 2014 18338 12/17/2024 3 BOOK BOOK
    CS/IT Superior Information Resource Center (SIRC) Superior University- Gold Campus Superior Information Resource Center (SIRC) Superior University- Gold Campus Microsoft Office 12/17/2024 005.86 BES-M 2014 18339 12/17/2024 4 BOOK BOOK
    CS/IT Superior Information Resource Center (SIRC) Superior University- Gold Campus Superior Information Resource Center (SIRC) Superior University- Gold Campus Microsoft Office 12/17/2024 005.86 BES-M 2014 19803 12/17/2024 5 BOOK BOOK

Powered by Koha